[Event "ROM-ch U08"]
[Site "Calimanesti Caciulata"]
[Date "2019.04.22"]
[Round "9"]
[White "Coman, Vlad Andrei"]
[Black "Balan, Bogdan"]
[Result "1/2-1/2"]
[WhiteElo "1001"]
[BlackElo "1001"]
[PlyCount "69"]
[EventDate "2019.04.15"]
[EventType "swiss"]
[EventRounds "9"]
[EventCountry "ROU"]
[SourceTitle "CBM 190 Extra"]
[Source "ChessBase"]
[SourceDate "2019.07.15"]
[SourceVersion "1"]
[SourceVersionDate "2019.07.15"]
[SourceQuality "1"]

1. e4 e5 2. d3 Nf6 3. Nc3 Bb4 4. Nge2 Bxc3+ 5. Nxc3 Nc6 6. Be3 0-0 7. Be2 d6 8. d4 d5 9. dxe5 Nxe4 10. Nxe4 dxe4 11. Qxd8 Rxd8 12. Bg5 Nd4 13. Bxd8 Nxc2+ 14. Kf1 Nxa1 15. Bxc7 Nc2 16. Bd1 Nd4 17. Ba5 Be6 18. Bc3 Nc6 19. Bc2 Rd8 20. Bxe4 Rd1+ 21. Ke2 Rxh1 22. Bxc6 bxc6 23. h3 Ra1 24. a3 Rg1 25. g3 Bxh3 26. Bd4 Rc1 27. Kd2 Rh1 28. Bxa7 Be6 29. Bc5 Rh3 30. a4 Bc8 31. a5 Rh5 32. f4 f6 33. exf6 gxf6 34. b4 Rd5+ 35. Kc3 1/2-1/2